|
|
|
|
| LEADER |
01386nam a22003614a 4500 |
| 001 |
27629 |
| 003 |
BD-DhAAL |
| 005 |
20130930122048.0 |
| 008 |
130930s2011 caua b 001 0 eng d |
| 010 |
|
|
|a 2010928263
|
| 020 |
|
|
|a 9781847873873 (pbk)
|
| 020 |
|
|
|a 1847873863 (hbk)
|
| 020 |
|
|
|a 9781847873866 (hbk)
|
| 020 |
|
|
|a 1847873871 (pbk)
|
| 040 |
|
|
|a AU@
|b eng
|c AU@
|d CFI
|d CDX
|d UKMGB
|d DLC
|d BD-DhAAL
|
| 050 |
0 |
0 |
|a HM1211
|b .H65 2011
|
| 082 |
0 |
4 |
|a 303.482
|2 22
|
| 999 |
|
|
|c 14038
|d 14038
|
| 999 |
|
|
|c 14038
|
| 100 |
1 |
|
|a Holliday, Adrian.
|9 3121
|
| 245 |
1 |
0 |
|a Intercultural communication and ideology /
|c Adrian Holliday.
|
| 260 |
|
|
|a Los Angeles ;
|a London :
|b SAGE,
|c 2011.
|
| 300 |
|
|
|a xiii, 222 p. :
|b ill. ;
|c 24 cm.
|
| 500 |
|
|
|a Formerly CIP.
|5 Uk
|
| 504 |
|
|
|a Includes bibliographical references and index.
|
| 541 |
|
|
|e 27629, 27630
|
| 650 |
|
0 |
|a Intercultural communication.
|9 3334
|
| 650 |
|
0 |
|a Multiculturalism.
|9 2588
|
| 650 |
|
0 |
|a Cosmopolitanism.
|9 3335
|
| 650 |
|
0 |
|a Globalization.
|9 3336
|
| 942 |
|
|
|2 ddc
|c BK
|
| 952 |
|
|
|0 0
|1 0
|2 ddc
|4 0
|6 303_482000000000000_HOL
|7 0
|9 23536
|a BRACUL
|b BRACUL
|c GEN
|d 2013-09-30
|e Trim Education
|g 3675.00
|l 0
|o 303.482 HOL
|p 3010027629
|r 2013-09-30
|t 1
|w 2013-09-30
|y BK
|
| 952 |
|
|
|0 0
|1 0
|2 ddc
|4 0
|6 303_482000000000000_HOL
|7 0
|9 23537
|a BRACUL
|b BRACUL
|c GEN
|d 2013-09-30
|e Trim Education
|g 3675.00
|l 0
|o 303.482 HOL
|p 3010027630
|r 2013-09-30
|t 2
|w 2013-09-30
|y BK
|